000 00874nam a2200217 a 4500
003 0
005 20250508111020.0
008 970101s19uu xx 00 eng d
050 _aPHS LB 1025.3
_b.K56 2004
100 _aKim, Ji Young.
245 _aEffectiveness of differentiated curriculum, instruction and assessment (DCIA) program as measured through the academic performance of selected high school students /
_cJi Young Kim.
260 _aLas PiƱas City, Philippines :
_bSouthville International School and Colleges,
_c2004.
300 _a38 pages :
_billustrations ;
_c28 cm.
504 _aIncludes bibliographical references.
650 _aCurriculum-based assessment.
650 _aIndividualized instruction.
650 _aAcademic achievement
_xEvaluation.
650 _aHigh school students
_xAcademic performance.
942 _cPASS
_2lcc
999 _c97127
_d97127